MARC details
| 000 -CABECERA |
| campo de control de longitud fija |
01284nam a2200337 a 4500 |
| 001 - NÚMERO DE CONTROL |
| campo de control |
000009116 |
| 003 - IDENTIFICADOR DEL NÚMERO DE CONTROL |
| campo de control |
DO-SdBNP |
| 005 - FECHA Y HORA DE LA ÚLTIMA TRANSACCIÓN |
| campo de control |
20240412074209.0 |
| 008 - DATOS DE LONGITUD FIJA--INFORMACIÓN GENERAL |
| campo de control de longitud fija |
090928s1957 dr a 000 p spa d |
| 040 ## - FUENTE DE LA CATALOGACIÓN |
| Centro catalogador/agencia de origen |
DO-SdBNP |
| Lengua de catalogación |
spa |
| Centro/agencia transcriptor |
BNPHU |
| 082 ## - NÚMERO DE LA CLASIFICACIÓN DECIMAL DEWEY |
| Número de clasificación |
RD861.44 |
| Número de documento/Ítem |
T834 |
| 245 00 - MENCIÓN DE TÍTULO |
| Título |
Trio / |
| Mención de responsabilidad, etc. |
prólogo de Pedro Rene Contin Aybar. |
| 260 ## - PUBLICACIÓN, DISTRIBUCIÓN, ETC. |
| Lugar de publicación, distribución, etc. |
Ciudad Trujillo, República Dominicana : |
| Nombre del editor, distribuidor, etc. |
Arte y Cine, |
| Fecha de publicación, distribución, etc. |
1957. |
| 300 ## - DESCRIPCIÓN FÍSICA |
| Extensión |
71 p. : |
| Otras características físicas |
il. ; |
| Dimensiones |
23 cm. |
| 490 1# - MENCIÓN DE SERIE |
| Mención de serie |
El silbo vulnerable |
| 505 0# - NOTA DE CONTENIDO CON FORMATO |
| Título |
Contiene : Aura de soledad / |
| Mención de responsabilidad |
Maximo Aviles Blonda; |
| Título |
El aire que telleva / |
| Mención de responsabilidad |
Lupo Hernandez Rueda; |
| Título |
La luz descalza / |
| Mención de responsabilidad |
Rafael Valera Benitez. |
| 563 ## - NOTA DE ENCUADERNACIÓN |
| Nota de encuadernación |
Tres obras publicadas juntas con paginación contínua |
| 590 ## - NOTA LOCAL (RLIN) |
| Nota local |
Inventariado, 2019/LP |
| 650 #0 - PUNTO DE ACCESO ADICIONAL DE MATERIA--TÉRMINO DE MATERIA |
| Término de materia o nombre geográfico como elemento de entrada |
Poesía dominicana |
| 9 (RLIN) |
66 |
| 650 #0 - PUNTO DE ACCESO ADICIONAL DE MATERIA--TÉRMINO DE MATERIA |
| Término de materia o nombre geográfico como elemento de entrada |
Literatura dominicana. |
| 9 (RLIN) |
67 |
| 700 12 - PUNTO DE ACCESO ADICIONAL--NOMBRE DE PERSONA |
| Nombre de persona |
Contín Aybar, Pedro René, |
| Término indicativo de función/relación |
prol. |
| 9 (RLIN) |
23772 |
| 700 12 - PUNTO DE ACCESO ADICIONAL--NOMBRE DE PERSONA |
| Nombre de persona |
Aviles Blonda, Maximo. |
| Título de la obra |
Aura de soledad. |
| 9 (RLIN) |
23773 |
| 700 12 - PUNTO DE ACCESO ADICIONAL--NOMBRE DE PERSONA |
| Nombre de persona |
Hernandez Rueda, Lupo. |
| Título de la obra |
El aire que te lleva. |
| 9 (RLIN) |
23774 |
| 700 12 - PUNTO DE ACCESO ADICIONAL--NOMBRE DE PERSONA |
| Nombre de persona |
Valera Benitez, Rafael. |
| Título de la obra |
La luz descalza.. |
| 9 (RLIN) |
23775 |
| 740 02 - PUNTO DE ACCESO ADICIONAL--TÍTULO RELACIONADO O ANALÍTICO NO CONTROLADO |
| Título relacionado o analítico no controlado |
Aura de soledad |
| 740 02 - PUNTO DE ACCESO ADICIONAL--TÍTULO RELACIONADO O ANALÍTICO NO CONTROLADO |
| Título relacionado o analítico no controlado |
El aire que te lleva |
| 740 02 - PUNTO DE ACCESO ADICIONAL--TÍTULO RELACIONADO O ANALÍTICO NO CONTROLADO |
| Título relacionado o analítico no controlado |
La luz descalza |
| 830 #0 - PUNTO DE ACCESO ADICIONAL DE SERIE-TÍTULO UNIFORME |
| Título uniforme |
El silbo vulnerable |
| 9 (RLIN) |
23776 |
| 910 ## - DATOS DE OPCIÓN DEL USUARIO (OCLC) |
| Datos de opción del usuario |
Validado. Control de calidad MFF |
| 942 ## - ELEMENTOS DE PUNTO DE ACCESO ADICIONAL (KOHA) |
| Fuente del sistema de clasificación o colocación |
Dewey Decimal Classification |
| Tipo de ítem Koha |
Libro |